000 00742cam a2200241 4500
001 J1757
008 090401t1993 xxu||||| |||| 00| 0 eng d
035 _a(Sirsi) u45363
041 _aeng
050 _a333.70212
110 _aUnited Kingdom
_bDepartment of the Environment
_9982
245 _aLand use change in England no. 8.
260 _aLondon
_bDepartment of the Environment
_c1993
300 _aiv,23p. ; 30cm.
350 _a4
490 _aDepartment of the Environment Statistical Bulletin
_v(93)1
520 _aCovers land use change and changes to urban use in 1988 and changes to residential use 1985-1990.
650 _aLand use
_96251
650 _aSTATISTICS
690 _aLAND
942 _n0
948 _c04/03/1997
999 _c91700
_d91700